Inside Out: Upper intermediate

Gorde:
Xehetasun bibliografikoak
Egile nagusia: Kay, Sue
Formatua: Liburua
Hizkuntza:Undetermined
Argitaratua: Macmillan Education Oxford 2001
Gaiak:
Etiketak: Etiketa erantsi
Etiketarik gabe, Izan zaitez lehena erregistro honi etiketa jartzen!
Thư viện lưu trữ: Trung tâm Học liệu Trường Đại học Cần Thơ
LEADER 00538nam a2200193Ia 4500
001 CTU_65373
008 210402s9999 xx 000 0 und d
020 |b 60000 
082 |a 428.34 
082 |b K23/Cas.1ui 
100 |a Kay, Sue 
245 0 |a Inside Out: Upper intermediate 
245 0 |c Sue Kay, Vaughan Jones 
260 |a Macmillan Education 
260 |b Oxford 
260 |c 2001 
650 |a english language,listening 
650 |x textbooks for foreign speakers 
980 |a Trung tâm Học liệu Trường Đại học Cần Thơ